[Event "ARM-ch 1st League 83rd"]
[Site "Yerevan"]
[Date "2022.01.12"]
[Round "1"]
[White "Harutyunian, Tigran K"]
[Black "Shahinyan, David"]
[Result "0-1"]
[WhiteElo "2552"]
[BlackElo "2486"]
[PlyCount "48"]
[EventDate "2022.01.12"]
[EventType "tourn"]
[EventRounds "11"]
[EventCountry "ARM"]
[EventCategory "13"]
[SourceTitle "CBM 206 Extra"]
[Source "ChessBase"]
[SourceDate "2022.03.31"]
[SourceVersion "1"]
[SourceVersionDate "2022.03.31"]
[SourceQuality "1"]

1. Nf3 e6 2. c4 f5 3. g3 Nf6 4. Bg2 d5 5. 0-0 Be7 6. b3 Nc6 7. d4 Ne4 8. Bb2 h5 9. h4 g5 10. hxg5 Bxg5 11. Nxg5 Qxg5 12. Qc1 Qg7 13. Qf4 h4 14. Nc3 Nxd4 15. Qe3 f4 16. Qd3 hxg3 17. fxg3 Nxg3 18. Rxf4 e5 19. Rxd4 exd4 20. Nxd5 c5 21. Qe3+ Kd8 22. Qd2 Rh1+ 23. Kf2 Ne4+ 24. Bxe4 Rh2+ 0-1

[Event "Titled Tuesday intern op 26th Oct"]
[Site "Chess.com INT"]
[Date "2021.10.26"]
[Round "10"]
[White "Florescu, Codrut Constantin"]
[Black "Shahinyan, David"]
[Result "1-0"]
[WhiteElo "2289"]
[BlackElo "2469"]
[PlyCount "105"]
[EventDate "2021.10.26"]
[EventType "swiss (blitz)"]
[EventRounds "11"]
[EventCountry "USA"]
[SourceTitle "CBM 204 Extra"]
[Source "ChessBase"]
[SourceDate "2021.11.30"]
[SourceVersion "1"]
[SourceVersionDate "2021.11.30"]
[SourceQuality "1"]

1. c4 Nf6 2. Nc3 c5 3. g3 Nc6 4. Bg2 d6 5. e3 e5 6. Nge2 Be6 7. b3 g6 8. d4 Bd7 9. d5 Ne7 10. e4 Bg7 11. 0-0 0-0 12. h3 h6 13. Be3 g5 14. f4 exf4 15. gxf4 gxf4 16. Nxf4 Ng6 17. Nxg6 fxg6 18. e5 Nh5 19. Rc1 Bxe5 20. Bxh6 Bd4+ 21. Qxd4 cxd4 22. Rxf8+ Qxf8 23. Bxf8 Rxf8 24. Ne4 Nf4 25. Rd1 Bxh3 26. Bxh3 Nxh3+ 27. Kh2 Nf2 28. Nxf2 Rxf2+ 29. Kg3 Rxa2 30. Rxd4 Rb2 31. Rd3 b6 32. Kf4 Kg7 33. Ke4 Kf6 34. Rf3+ Kg5 35. Kd4 Rd2+ 36. Kc3 Re2 37. Rf7 a5 38. Rd7 Re3+ 39. Kb2 Kf5 40. Rxd6 g5 41. Rxb6 g4 42. Rb8 g3 43. Rg8 Re2+ 44. Ka3 g2 45. Ka4 Ke5 46. Kxa5 Kd6 47. Kb4 Rc2 48. Rg6+ Ke5 49. Kc5 Kf5 50. Rg8 Kf4 51. b4 Rc3 52. Rxg2 Rd3 53. Re2 1-0

[Event "Titled Tuesday intern op 26th Oct"]
[Site "Chess.com INT"]
[Date "2021.10.26"]
[Round "3"]
[White "Shahinyan, David"]
[Black "Koellner, Ruben Gideon"]
[Result "1-0"]
[WhiteElo "2469"]
[BlackElo "2432"]
[PlyCount "97"]
[EventDate "2021.10.26"]
[EventType "swiss (blitz)"]
[EventRounds "11"]
[EventCountry "USA"]
[SourceTitle "CBM 204 Extra"]
[Source "ChessBase"]
[SourceDate "2021.11.30"]
[SourceVersion "1"]
[SourceVersionDate "2021.11.30"]
[SourceQuality "1"]

1. e4 d6 2. d4 Nf6 3. Nc3 e5 4. Nge2 Nc6 5. g3 Bg4 6. dxe5 dxe5 7. Qxd8+ Rxd8 8. Bg2 Nb4 9. 0-0 Nxc2 10. Rb1 c6 11. Bg5 Be7 12. h3 Be6 13. Rfd1 Nd4 14. Nxd4 exd4 15. Ne2 Bxa2 16. Ra1 Bb3 17. Rxd4 a6 18. Rxd8+ Bxd8 19. Nd4 Be6 20. Nxe6 fxe6 21. Rd1 Nd7 22. Be3 Bf6 23. f4 Be7 24. Kh2 Nf6 25. g4 h6 26. Bf3 Kf7 27. g5 hxg5 28. fxg5 Nh7 29. Rd7 g6 30. Rxb7 Rd8 31. Bc5 Re8 32. h4 Kf8 33. Bd4 Rd8 34. Be5 Rd2+ 35. Kg3 Rd3 36. Kf4 Ke8 37. Bg4 Nf8 38. Rb8+ Kf7 39. Rb6 Rd1 40. Rxc6 Rf1+ 41. Bf3 Nd7 42. Bc3 e5+ 43. Kg3 Rg1+ 44. Kf2 Ra1 45. Bg4 Nf8 46. Bxe5 Rd1 47. Bxd1 Ne6 48. Bb3 a5 49. Rxe6 1-0

[Event "Yerevan op 3rd"]
[Site "Yerevan"]
[Date "2021.10.20"]
[Round "7"]
[White "Petrosian, Tigran L"]
[Black "Shahinyan, David"]
[Result "1/2-1/2"]
[WhiteElo "2562"]
[BlackElo "2469"]
[PlyCount "119"]
[EventDate "2021.10.14"]
[EventType "swiss"]
[EventRounds "9"]
[EventCountry "ARM"]
[SourceTitle "CBM 204 Extra"]
[Source "ChessBase"]
[SourceDate "2021.11.30"]
[SourceVersion "1"]
[SourceVersionDate "2021.11.30"]
[SourceQuality "1"]

1. e4 e6 2. Qe2 c5 3. Nf3 Nc6 4. g3 g6 5. Bg2 Bg7 6. 0-0 Nge7 7. c3 d5 8. e5 0-0 9. h4 f6 10. exf6 Bxf6 11. c4 Nf5 12. d3 b5 13. cxb5 Ncd4 14. Nxd4 Nxd4 15. Qd1 Nxb5 16. Nd2 Rb8 17. Nb3 Qd6 18. Be3 Nd4 19. Nxd4 cxd4 20. Bh6 Rf7 21. Rc1 Ba6 22. Qd2 e5 23. Rfe1 Bg7 24. Bxg7 Kxg7 25. h5 Rbf8 26. h6+ Kh8 27. Rc2 e4 28. dxe4 d3 29. e5 Qb6 30. e6 Rxf2 31. Qxf2 dxc2 32. Qxb6 axb6 33. e7 Re8 34. Bf1 Bc8 35. Bd3 Rxe7 36. Rf1 Kg8 37. Bxc2 Ba6 38. Rf2 Re5 39. Kg2 Bc4 40. b3 Be2 41. Rf4 Ba6 42. Bd1 Be2 43. Bxe2 Rxe2+ 44. Rf2 Re6 45. g4 d4 46. Rd2 g5 47. Rxd4 Kf7 48. a4 Kg6 49. Rd8 Kxh6 50. b4 Kg7 51. Kf3 Kf6 52. Rb8 h6 53. a5 bxa5 54. bxa5 Re1 55. Rf8+ Kg6 56. Rd8 Kf6 57. a6 Ra1 58. Ra8 Ra4 59. Ke3 Kg7 60. a7 1/2-1/2